000 01183nam a2200241 a 4500
001 BS0003174
003 BR-BrBNA
005 20230418192235.0
008 230308b |||||||| |||| 00| 0 por d
040 _aBR-BrBNA
_bpor
_cBiblioteca Nacional de Agricultura
041 _apor
072 _aB59
090 _aB59 BS0003174
100 1 _aCarrara, Orson Peter.
245 1 _aMédiuns /
250 1 _as.ed
260 3 _aSão Paulo, SP:
_bMythos,
_c2010.
300 _a178 p.
520 3 _aA descoberta da existência do Espírito é uma fatalidade evolutiva. Sendo o intercâmbio entre as várias instâncias do universo uma lei natural, não há como a mediunidade não ser descoberta. É só uma questão de tempo. Podemos dizer que a humanidade está dividida em duas partes: os que acreditam no fenômeno mediúnico e os que acreditarão. Não há como evitar. É lei natural. Esta obra visa a facilitar o entendimento sobre os médiuns e a mediunidade, com linguagem fácil e clara, sempre baseada nos princípios do Espiritismo, especialmente em O Livro dos Médiuns, de Allan Kardec.
650 _aESPIRITISMO
909 _a202304
_bSergio Santos
_c56
_dSergio Santos
942 _cBK
999 _c8236
_d8236